000
00402nam a22001337a 4500
003
SGT
020
_a
9788173093302
082
_a
891.4309
_b
B11S
100
_a
सिंघवी, लक्ष्मिमत्ल
245
_a
भारत आज़ादी और संस्कृति
260
_b
सस्ता साहित्य मंडल
_c
2011
300
_a
152
942
_2
ddc
_c
BK
999
_c
30148
_d
30148